000 00612nam a2200205Ia 4500
003 OSt
005 20220926041334.0
006 a|||||r|||| 00| 0
007 ta
008 220923b |||||||| |||| 00| 0 eng d
037 _cGeneral Book
040 _aRTL
_cRTL
_beng
041 _2eng
_aeng
082 _aXp1:N27, F7
100 _aInternational Economic Conference. Geneva.1927
245 0 _aReport and proceedings. Ed. by the Financial and E
500 _aL.o.N.,1927,II,52
942 _hXp1:N27, F7
_cGB
_2CC
999 _c666982
_d666982